Регионална библиотека "Любен Каравелов" - Русе

Българско-френски речник (Запис номер 2420)

MARC детайли
000 -Лидер
Контролно поле с фиксирана дължина 01494nam a2200337 c 4500
003 - Код на организацията, давaща контролен номер
Контролно поле BLK
005 - Дата и час на последна редакция
Контролно поле 20180420213531.0
008 - Елементи от данни с фиксирана дължина
fixed length control field 180412b bul|||||r ||||||| ||bul||
010 ## - Наследен системен номер
LC control number KNG00003409000
020 ## - Международен стандартен номер на книга ISBN
Международен стандартен номер на книга ISBN 954-02-0166
-- издат.: Наука и изкуство - (грешен)
020 ## - Международен стандартен номер на книга ISBN
Международен стандартен номер на книга ISBN 954-02-0166-7
-- издат.: Наука и изкуство - (поправен)
040 ## - Източник на каталожния запис
Идентификатор на билиотеката - собственик на записа BLK
041 ## - Код за език
Код за езика на текст/звукозапис или на отделно заглавие Български
Код за езика КДБФ Български
Други езици Френски
080 ## - УДК
Текстов определител УДК Лексикология. Езикови речници и разговорници. Лексикография
УДК код - определител по УДК 81`374
УДК определител =163.2=133.1
УДК - код + определител 81`374=163.2=133.1
100 1# - Редна дума - Автор
Автор Радев, Асен Костов
Авторска отговорност първи автор
R(LIN) 245800
139 ## - Редно поле
Редна дума Българско-френски речник
Авторски знак Бъл - Б 92
245 10 - Сведения за заглавието
Заглавие Българско-френски речник
Редно поле (дума) Асен Костов Радев.
250 ## - Област на изданието
Сведения за изданието 4. изд.
257 ## - Страна на издаване
Страна на създаване/издаване България
260 ## - Област на издателските данни
-- София
Име на издателя, разпространителя и проч. Наука и изкуство
Година на издаване 1994
Печатница В. Търново : Абагар
300 ## - Физическа характеристика
Страници 1008 с.
Размери/Мащаб 24 см
380 ## - Жанр
Жанр Езикознание. Филология
500 ## - Общи забележки
Забележка 1. изд. 1964 с авт. Л. Стефанова, А. Радев, Г. Дорчев, Н. Колев. - 7 070 тир.
650 #4 - Допълнително описание по предмет – тема
Основно описание – тема или топоним Български език - речници, българско-френски
9 (RLIN) 245801
653 ## - Ключова дума – ненормативна
Ключова дума българо-френски речници
852 ## - Местоположение
Форматна сигнатура Цб 177489
856 4# - Електронен адрес и достъп
Електронен формат pdf - файл
Път до файла /url/
856 4# - Електронен адрес и достъп
Електронен формат pdf - файл
Път до файла /url/
942 ## - АРТИКУЛИ
Вид на библиотечния материал Книги
Скрит в OPAC Не
944 ## - СЪЗДАВАНЕ И РЕДАКЦИЯ на ЗАПИСА
Създаване/Редакция Създаване
Дата на регистрацията/редакция 15.01.2003
Служител, извършил регистрацията/редакцията Теодора_Стоянова
944 ## - СЪЗДАВАНЕ И РЕДАКЦИЯ на ЗАПИСА
Създаване/Редакция Редакция
Дата на регистрацията/редакция 07.01.2014
Служител, извършил регистрацията/редакцията
999 ## - СИСТЕМНИ КОНТРОЛНИ НОМЕРА
Koha biblionumber 2420
Koha biblioitemnumber 2420
Наличности
Код за отписване Код за изгубен артикул Код за повреда Коз за рестрикции Код за отдаване Артикулен № Име на библиотеката - собственик Име на библиотеката, в която се намира в момента Статус (Текущо местоположение) Дата на вписване в системата Местоположение - отдел Цена в лева Инвентарен номер Систематично азбучна сигнатура Баркод Номер на екземпляра Цена в евро Служебна бележка Служебен тип на артикула
  Не е изгубен Не е повреден без рестрикции ползва се в читалня 4506 Регионална библиотека "Любен Каравелов" Русе Регионална библиотека "Любен Каравелов" Русе Читалня 3 - справочен фонд 1994-01-01 Читалня 3 - справочен фонд 0.00 605173 С3/801.323.2=867/Б 92 605173 1 0.00 Дост: Pk Вид: Ф N: стар фонд Дата: 01.01.1994 Дата инв: 13.06.2017 Бележки инв: С32017 Книги
  Не е изгубен Не е повреден без рестрикции ползва се в читалня 4507 Регионална библиотека "Любен Каравелов" Русе Регионална библиотека "Любен Каравелов" Русе Хранилище 1994-01-01 Хранилище 0.00 604982 Цб 177489 604982 2 0.00 Дост: Dp Вид: Д N: стар фонд Дата: 01.01.1994 Книги
Vip Innovations Ltd, Rousse, Bulgaria 2025